<?xml version="1.0" encoding="UTF-8"?>
<record
    xmlns:xsi="http://www.w3.org/2001/XMLSchema-instance"
    xsi:schemaLocation="http://www.loc.gov/MARC21/slim http://www.loc.gov/standards/marcxml/schema/MARC21slim.xsd"
    xmlns="http://www.loc.gov/MARC21/slim">

  <leader>01237nam a2200301 a 4500</leader>
  <controlfield tag="001">C01497983c-7</controlfield>
  <controlfield tag="003">CO-ViMGA</controlfield>
  <controlfield tag="005">20230915233142.0</controlfield>
  <controlfield tag="008">151106s2015    ck a   gr     00010 spa d</controlfield>
  <datafield tag="020" ind1=" " ind2=" ">
    <subfield code="a">9789587753684</subfield>
  </datafield>
  <datafield tag="040" ind1=" " ind2=" ">
    <subfield code="a">CO-ViMGA</subfield>
    <subfield code="b">spa</subfield>
    <subfield code="c">CO-ViMGA</subfield>
  </datafield>
  <datafield tag="043" ind1=" " ind2=" ">
    <subfield code="a">s-ck---</subfield>
  </datafield>
  <datafield tag="045" ind1=" " ind2=" ">
    <subfield code="a">x2x8</subfield>
  </datafield>
  <datafield tag="082" ind1="0" ind2="4">
    <subfield code="a">291.72 </subfield>
    <subfield code="b">C11p </subfield>
    <subfield code="2">21</subfield>
  </datafield>
  <datafield tag="100" ind1="1" ind2=" ">
    <subfield code="a">Cabrera Becerra, Gabriel.</subfield>
    <subfield code="9">5115</subfield>
  </datafield>
  <datafield tag="240" ind1="1" ind2="0">
    <subfield code="a">Vaup&#xE9;s-Bibliograf&#xED;a regional</subfield>
  </datafield>
  <datafield tag="245" ind1="1" ind2="4">
    <subfield code="a">Los poderes en la frontera : </subfield>
    <subfield code="b">misiones cat&#xF3;licas y protestantes, y Estados en el Vaup&#xE9;s colombo-brasile&#xF1;o, 1923-1989 / </subfield>
    <subfield code="c">Gabriel Cabrera Becerra.</subfield>
  </datafield>
  <datafield tag="260" ind1=" " ind2=" ">
    <subfield code="a">Medell&#xED;n : </subfield>
    <subfield code="b">Universidad Nacional de Colombia, </subfield>
    <subfield code="c">2015.</subfield>
  </datafield>
  <datafield tag="300" ind1=" " ind2=" ">
    <subfield code="a">455 p&#xE1;ginas : </subfield>
    <subfield code="b">ilustraciones ; </subfield>
    <subfield code="c">24 cm.</subfield>
  </datafield>
  <datafield tag="490" ind1="0" ind2=" ">
    <subfield code="a">Folios</subfield>
  </datafield>
  <datafield tag="504" ind1=" " ind2=" ">
    <subfield code="a">Incluye bibliograf&#xED;as e &#xED;ndices.</subfield>
  </datafield>
  <datafield tag="650" ind1="1" ind2="4">
    <subfield code="a">Evangelizaci&#xF3;n</subfield>
    <subfield code="x"> Historia</subfield>
    <subfield code="z"> Vaup&#xE9;s (Colombia)</subfield>
    <subfield code="y"> 1923-1989.</subfield>
    <subfield code="9">5119</subfield>
  </datafield>
  <datafield tag="650" ind1="1" ind2="4">
    <subfield code="a">Iglesias protestantes</subfield>
    <subfield code="x"> Misiones</subfield>
    <subfield code="x"> Historia</subfield>
    <subfield code="z"> Vaup&#xE9;s (Colombia)</subfield>
    <subfield code="y"> 1923-1989.</subfield>
    <subfield code="9">5117</subfield>
  </datafield>
  <datafield tag="650" ind1="1" ind2="4">
    <subfield code="a">Misiones cat&#xF3;licas</subfield>
    <subfield code="x"> Historia</subfield>
    <subfield code="z"> Vaup&#xE9;s (Colombia)</subfield>
    <subfield code="y"> 1923-1989.</subfield>
    <subfield code="9">5118</subfield>
  </datafield>
  <datafield tag="650" ind1="1" ind2="4">
    <subfield code="a">Misiones</subfield>
    <subfield code="x"> Historia</subfield>
    <subfield code="z"> Vaup&#xE9;s (Colombia)</subfield>
    <subfield code="y"> 1923-1989.</subfield>
    <subfield code="9">5116</subfield>
  </datafield>
  <datafield tag="942" ind1=" " ind2=" ">
    <subfield code="2">ddc</subfield>
    <subfield code="c">BK</subfield>
  </datafield>
  <datafield tag="949" ind1=" " ind2=" ">
    <subfield code="a">n                                                </subfield>
    <subfield code="b">n</subfield>
  </datafield>
  <datafield tag="999" ind1=" " ind2=" ">
    <subfield code="c">35905</subfield>
    <subfield code="d">35905</subfield>
  </datafield>
  <datafield tag="952" ind1=" " ind2=" ">
    <subfield code="0">0</subfield>
    <subfield code="1">0</subfield>
    <subfield code="2">ddc</subfield>
    <subfield code="4">0</subfield>
    <subfield code="7">0</subfield>
    <subfield code="8">003</subfield>
    <subfield code="a">MEVIECAR</subfield>
    <subfield code="b">MEVIECAR</subfield>
    <subfield code="d">2016-09-02</subfield>
    <subfield code="g">16451.00</subfield>
    <subfield code="l">0</subfield>
    <subfield code="o">291.72 C11p</subfield>
    <subfield code="p">30407</subfield>
    <subfield code="r">2016-09-02 00:00:00</subfield>
    <subfield code="t">Ej. 1</subfield>
    <subfield code="w">2016-09-02</subfield>
    <subfield code="y">BK</subfield>
  </datafield>
</record>
